00413cam a2200169ua 45000010005000000080039000050400009000440410008000530820016000611000035000772450042001122500012001542600032001663000010001986530014002086530021002229459150916n ii |||gr||||Z||||||eng cMAIN aeng a330.0954162 aChaudhury, Arun K.D.,eAuthor.1 aAssam economycby Arun K.D. Chaudhury a1st ed. aCalcutta:bSribhumi,c1989. a216p. aEconomics aEconomy of Assam